000 00739cam a2200217 a 4500
001 000010064
005 20200929161827.0
008 011221s2001 sp s001 p spa c
020 _a8497180224
040 _aDO-SdBNP
_cPL#
_dIQU
_dDLC
082 _a861.7
_bF944p
100 1 _aFrûhbeck de Burgos, Carlos,
_d1935-
_925041
245 1 3 _aLa puerta /
_cCarlos Frûhbeck de Burgos.
260 _aSalamanca :
_bJunta de Castilla y León, Consejeria de Educación y Cultura,
_c2001.
300 _a54 p. ;
_c22 cm.
490 1 _aBarrio de Maravillas
_aPoesía
650 4 _aPoesía española
_9631
650 4 _aLiteratura española
_ySIGLO XXI
_94846
830 0 _aBarrio de Maravillas ;
_pPoesía
_925042
910 _aCatalogación por copia / LC
999 _c9823
_d9823